Normal view
MARC view
- Knister,
Entry Nombre Personal
001 - NUMERO DE CONTROL
- campo de control: 31990
003 - IDENTIFICADOR DE NUMERO DE CONTROL
- campo de control: UPN
005 - FECHA Y HORA DE LA ÜLTIMA TRANSACCIÓN
- campo de control: 20210219194428.0
008 - DATOS DE LONGITUD FIJA
- campo de control de longitud fija: nabaccnnaabn|||||||||| b |nc|||||d
035 ## - NUMERO DE CONTROL
- Número de control: UPN11000004096
040 ## - FUENTE DE CATALOGACIÓN
- Lenguaje de catalogación: SPA
- Agencia de transcripción: UPN
100 1# - ENCABEZAMIENTO - NOMBRE PERSONAL
- Nombre personal: Knister,
- Fechas asociadas con el nombre: 1952-
400 1# - VEÁSE - NOMBRE DE PERSONA
- Personal name: Jockmann, Ludger,
- Dates associated with a name: 1952-
670 ## - FUENTE EN LA QUE SE LOCALIZARON DATOS
- Cita de la fuente: T
- Uniform Resource Identifier: http://www.alohacriticon.com/viajeliterario/article2222.html
680 ## - NOTA PUBLICA DE ACCESO PÚBLICO
- Frase explicativa de la referencia: Escritor alemán de literatura infantil
902 ## - CATALOGADOR
- Catalogador: CAA/270312
